header

Understanding participatory research and development (Record no. 215948)

MARC details
000 -LEADER
fixed length control field 01545nam a2200301Ia 4500
082 04 - DEWEY DECIMAL CLASSIFICATION NUMBER
Classification number 631.58
245 00 - TITLE STATEMENT
Title Understanding participatory research and development
260 ## - PUBLICATION, DISTRIBUTION, ETC. (IMPRINT)
Place of publication Laguna, Philippines :
Name of publisher International Potato-Center Users' Perspectives With Agricultural Research and Development ;
Place of publication Ottawa, ON :
Name of publisher International Development Research Centre,
Year of publication c2005.
300 ## - PHYSICAL DESCRIPTION
Number of Pages xxi, 248 p.
490 0# - SERIES STATEMENT
Series statement Participatory research and development for sustainable agriculture and natural resource management: a sourcebook ;
650 #0 - SUBJECT ADDED ENTRY--TOPICAL TERM
Topical Term Conservation of natural resources
Topical Term Sustainable agriculture
700 1# - ADDED ENTRY--PERSONAL NAME
Personal name Gonsalves, Julian F.,
856 40 - ELECTRONIC LOCATION AND ACCESS
Uniform Resource Identifier http://site.ebrary.com/lib/rucke/Doc?id=10120525

No items available.

© 2026 Rongo University
Contact us: librarian | system librarian | Rongo university